[Event "GER-chT Betriebe 16th"]
[Site "Dresden"]
[Date "2016.11.03"]
[Round "2.3"]
[White "Molzan, Andreas"]
[Black "Mueller, Gerd"]
[Result "0-1"]
[WhiteElo "1255"]
[BlackElo "1837"]
[PlyCount "30"]
[EventDate "2016.11.03"]
[EventType "team-swiss"]
[EventRounds "7"]
[EventCountry "GER"]
[SourceTitle "EXT 2020"]
[Source "ChessBase"]
[SourceDate "2019.10.17"]
[SourceVersion "1"]
[SourceVersionDate "2019.10.17"]
[SourceQuality "1"]
[WhiteTeam "Stuttgart Stern"]
[BlackTeam "Berlin Osram II"]
[WhiteTeamCountry "GER"]
[BlackTeamCountry "GER"]

1. e4 c5 2. Nf3 d6 3. d4 cxd4 4. Nxd4 Nf6 5. Nc3 a6 6. Bg5 e6 7. Qd2 h6 8. Be3 Qc7 9. Bd3 Be7 10. f4 Nbd7 11. 0-0-0 b5 12. a3 Bb7 13. h4 Nc5 14. Nf3 Nfxe4 15. Nxe4 Nb3+ 0-1

[Event "GER-chT Betriebe 15th"]
[Site "Munich"]
[Date "2015.10.24"]
[Round "5.3"]
[White "Buchholz, Robert"]
[Black "Mueller, Gerd"]
[Result "1-0"]
[WhiteElo "1990"]
[BlackElo "1820"]
[PlyCount "159"]
[EventDate "2015.10.22"]
[EventType "team-swiss"]
[EventRounds "7"]
[EventCountry "GER"]
[SourceTitle "EXT 2020"]
[Source "ChessBase"]
[SourceDate "2019.10.17"]
[SourceVersion "1"]
[SourceVersionDate "2019.10.17"]
[SourceQuality "1"]
[WhiteTeam "Hamburg Baubehoerde"]
[BlackTeam "Berlin Osram"]
[WhiteTeamCountry "GER"]
[BlackTeamCountry "GER"]

1. d4 Nf6 2. c4 e6 3. Nf3 b6 4. e3 Bb7 5. Be2 Be7 6. 0-0 0-0 7. Nc3 d5 8. cxd5 exd5 9. Bd2 Nbd7 10. Rc1 Re8 11. Ne1 Nf8 12. Nd3 Ng6 13. a3 a5 14. Qb3 Bd6 15. Nb5 Ne4 16. Qd1 Ba6 17. Nxd6 Qxd6 18. Ne1 Bxe2 19. Qxe2 c5 20. Nf3 c4 21. a4 Nxd2 22. Qxd2 Qb4 23. Qc2 b5 24. axb5 Qxb5 25. Ra1 a4 26. g3 h6 27. Nd2 Rec8 28. Rfc1 Ne7 29. e4 Nc6 30. Qc3 Nb4 31. exd5 Nxd5 32. Qa3 Nb4 33. Qc3 Nd3 34. Rc2 Qf5 35. Nxc4 Nb4 36. Rcc1 Nd5 37. Qd2 Rd8 38. Ne3 Qe4 39. Rc5 Nb6 40. d5 Rd6 41. h3 Rad8 42. Rd1 f5 43. Qd4 Qf3 44. Qf4 Qxf4 45. gxf4 g6 46. Rd4 Kf7 47. Kf1 Kf6 48. h4 g5 49. fxg5+ hxg5 50. hxg5+ Kxg5 51. f4+ Kf6 52. Ke2 R8d7 53. Kd2 Rd8 54. Kc3 Nd7 55. Rc6 Nb6 56. Rxd6+ Rxd6 57. Kb4 Nd7 58. Kxa4 Ra6+ 59. Kb4 Rb6+ 60. Kc3 Nc5 61. b4 Ne4+ 62. Kc4 Rd6 63. b5 Ng3 64. Kb4 Ne2 65. Kc5 Nxd4 66. Kxd6 Nxb5+ 67. Kd7 Nd4 68. d6 Ne6 69. Nd5+ Kf7 70. Kc8 Ke8 71. d7+ Kf7 72. Nc7 Nxf4 73. d8Q Kg6 74. Qh4 Nh5 75. Ne6 Nf6 76. Kd8 Nd5 77. Ke8 Nf6+ 78. Ke7 Ne4 79. Nf8+ Kg7 80. Qh7# 1-0

[Event "GER-chT Betriebe 15th"]
[Site "Munich"]
[Date "2015.10.23"]
[Round "3.3"]
[White "Kleinwaechter, Manfred"]
[Black "Mueller, Gerd"]
[Result "0-1"]
[WhiteElo "1533"]
[BlackElo "1820"]
[PlyCount "118"]
[EventDate "2015.10.22"]
[EventType "team-swiss"]
[EventRounds "7"]
[EventCountry "GER"]
[SourceTitle "EXT 2020"]
[Source "ChessBase"]
[SourceDate "2019.10.17"]
[SourceVersion "1"]
[SourceVersionDate "2019.10.17"]
[SourceQuality "1"]
[WhiteTeam "Berlin Telestern"]
[BlackTeam "Berlin Osram"]
[WhiteTeamCountry "GER"]
[BlackTeamCountry "GER"]

1. e4 c5 2. d4 cxd4 3. c3 dxc3 4. Nxc3 g6 5. Bc4 Nc6 6. Nf3 Bg7 7. 0-0 Nf6 8. Qe2 0-0 9. Rd1 Qa5 10. Bf4 Nh5 11. Bd2 Qd8 12. Rac1 d6 13. Bg5 h6 14. Be3 Bg4 15. Nd5 Ne5 16. Bb3 Nc6 17. Nf4 Nxf4 18. Bxf4 Qa5 19. Qe3 Bxf3 20. gxf3 Qh5 21. Rd5 Be5 22. Kh1 Nd4 23. Bd1 Qh3 24. Kg1 Bxf4 25. Qxf4 Ne6 26. Qg3 Qxg3+ 27. fxg3 Rac8 28. Rxc8 Rxc8 29. Bb3 Nc5 30. Bd1 Kg7 31. e5 dxe5 32. Rxe5 e6 33. Re2 Rd8 34. Bc2 Kf6 35. Kf2 e5 36. h3 Ke6 37. Ke3 f5 38. b4 Na6 39. Bb3+ Kf6 40. a3 Nc7 41. h4 Nb5 42. a4 Nd4 43. Rd2 Rc8 44. Bd1 Rc3+ 45. Rd3 Rxd3+ 46. Kxd3 Ke6 47. Kc3 b6 48. b5 Kd6 49. f4 Ne6 50. fxe5+ Kxe5 51. Bc2 g5 52. hxg5 hxg5 53. Bd1 f4 54. gxf4+ gxf4 55. Bf3 Nd4 56. Bb7 f3 57. Bc8 f2 58. Bh3 Ne2+ 59. Kd3 Ng3 0-1

[Event "GER-chT Betriebe 14th"]
[Site "Dresden"]
[Date "2014.11.22"]
[Round "5.3"]
[White "Mueller, Gerd"]
[Black "Hoffmann, Frank"]
[Result "1-0"]
[WhiteElo "1847"]
[BlackElo "1468"]
[PlyCount "105"]
[EventDate "2014.11.20"]
[EventType "team-swiss"]
[EventRounds "7"]
[EventCountry "GER"]
[SourceTitle "EXT 2020"]
[Source "ChessBase"]
[SourceDate "2019.10.17"]
[SourceVersion "1"]
[SourceVersionDate "2019.10.17"]
[SourceQuality "1"]
[WhiteTeam "Berlin Osram"]
[BlackTeam "Frankfurt AGI"]
[WhiteTeamCountry "GER"]
[BlackTeamCountry "GER"]

1. e4 c6 2. d4 d5 3. exd5 cxd5 4. Bd3 Nc6 5. c3 Nf6 6. h3 e5 7. dxe5 Nxe5 8. Qe2 Qe7 9. Bb5+ Nc6 10. Bg5 Qxe2+ 11. Nxe2 Ne4 12. Be3 Bd6 13. Nd2 Nxd2 14. Kxd2 a6 15. Ba4 Bd7 16. Bb3 Be6 17. Nf4 Bxf4 18. Bxf4 0-0 19. Rad1 Na5 20. Bc2 Nc6 21. Bb3 Na5 22. Bc2 Nc6 23. Be3 b5 24. Kc1 Ne7 25. Bc5 Rfe8 26. Bxe7 Rxe7 27. Bb3 Rd7 28. Rd4 Kf8 29. Rhd1 Rad8 30. a4 bxa4 31. Bxa4 Rd6 32. c4 Rc8 33. b3 a5 34. Kb2 Ke7 35. cxd5 Bd7 36. Re4+ Kd8 37. Bxd7 Rxd7 38. Rc4 Rb8 39. Rc5 a4 40. Rd3 axb3 41. Rxb3 Rxb3+ 42. Kxb3 Ke7 43. Kc4 Kd6 44. Kd4 f6 45. Rc6+ Ke7 46. Kc5 h5 47. Re6+ Kd8 48. Rd6 Ke7 49. Rxd7+ Kxd7 50. d6 g6 51. Kd5 g5 52. g4 hxg4 53. hxg4 1-0

[Event "GER H-2152 D email"]
[Site "GER email"]
[Date "2007.09.20"]
[Round "?"]
[White "Mueller, Gerd"]
[Black "Zimmermann, Rudolf"]
[Result "0-1"]
[WhiteElo "1802"]
[BlackElo "1875"]
[PlyCount "102"]
[EventDate "2007.??.??"]
[EventType "tourn (corr)"]
[EventRounds "6"]
[EventCountry "GER"]
[SourceTitle "Corr 2020"]
[Source "ChessBase"]
[SourceDate "2019.09.30"]
[SourceVersion "1"]
[SourceVersionDate "2019.09.30"]
[SourceQuality "1"]

1. e4 e5 2. Nf3 Nc6 3. d4 exd4 4. Nxd4 Bc5 5. Nb3 Bb6 6. a4 a6 7. Nc3 Qf6 8. Qe2 Nge7 9. Nd5 Nxd5 10. exd5+ Ne7 11. h4 h6 12. a5 Ba7 13. Bd2 Qxb2 14. Rh3 Qxc2 15. Rd3 Qb2 16. Rc1 Kd8 17. d6 cxd6 18. Bb4 Qf6 19. Rxd6 Qxh4 20. Rc4 Qg5 21. Re4 Re8 22. g3 Bb8 23. Rd3 f5 24. Nc5 d6 25. Ne6+ Bxe6 26. Rxe6 Qg4 27. Qxg4 fxg4 28. Bxd6 Kd7 29. Rxe7+ Rxe7+ 30. Bxe7+ Kxe7 31. Rb3 Bc7 32. Rxb7 Kd6 33. Kd1 h5 34. Bg2 Rf8 35. Rb2 Bxa5 36. Ra2 Bb6 37. Rxa6 Kc7 38. Ra2 Bxf2 39. Rc2+ Kb6 40. Rb2+ Kc5 41. Rc2+ Kb4 42. Rb2+ Ka3 43. Rc2 g5 44. Ke2 h4 45. gxh4 gxh4 46. Rc4 Bg3 47. Kd1 Rf2 48. Rc2 Rf4 49. Re2 Rd4+ 50. Kc2 Bf4 51. Kc3 Rd1 0-1